Songtext "Ich will Spaß" von Markus - Statistiken

Allgemein
  • Dieses Quiz wurde 77 mal gespielt
  • Das Durchschnittsergebnis liegt bei 190 aus 257
Antwortstatistiken
Antwort % Korrekt
Spaß
99%
Ich
97%
ich
97%
Will
94%
will
94%
Gas
90%
geb
90%
die
88%
Das
85%
das
85%
hat
82%
mach
81%
nicht
79%
macht
78%
Polizei
78%
Mein
75%
mein
75%
hat's
74%
fährt
71%
geseh'n
69%
210
66%
Maserati
60%
Schwupp
59%
Wir
56%
Und
54%
Der
53%
der
53%
es
50%
du
47%
Er
40%
er
40%
auch
38%
Benzin
38%
Mark
38%
nur
38%
Scheiß
38%
wollen
38%
zehn
38%
dem
37%
drei
37%
egal
37%
fahr'n
37%
geh'n
37%
komm
37%
mich
37%
mir
37%
wird
37%
dich
35%
kost
35%
ist
34%
schon
34%
sein
34%
geben
32%
her
32%
Verkehr
31%
wie
31%
aus
29%
rein
29%
Enten
28%
Heut
28%
über
28%
vor
28%
schubs
26%
Deutschland
25%
gute
25%
Nacht
25%
spürst
25%
Super
25%
Tank
25%
vernünftig
25%
woll'n
25%
wenn
24%
brauch
22%
Freund
22%
bester
21%
freut
21%
Opels
21%
sich
21%
jag
19%
spar'n
19%
Tankwart
19%
geb'n
18%
braucht
15%
Hui
13%
Keine übereinstimmenden Quizze gefunden
Verteilung der Resultate
Anzahl Personen mit jedem Resultat
Perzentil nach korrekt beantworteten Fragen
Ihre Resultats-Entwicklung
Sie haben dieses Quiz noch nicht gespielt